The law of evidence, [Qanun-e-Shahadat, 1984] (with all Amendments & up-to-date Case Laws) Volume I (Record no. 540946)
[ view plain ]
| 000 -LEADER | |
|---|---|
| fixed length control field | 00436nam a22001217a 4500 |
| 082 ## - DEWEY DECIMAL CLASSIFICATION NUMBER | |
| Classification number | 347.4106 SHA |
| 100 ## - MAIN ENTRY--PERSONAL NAME | |
| Personal name | Shamsi, Muhammad Imran |
| 245 ## - TITLE STATEMENT | |
| Title | The law of evidence, [Qanun-e-Shahadat, 1984] (with all Amendments & up-to-date Case Laws) Volume I |
| Statement of responsibility, etc. | Muhammad Imran Shamsi |
| 260 ## - PUBLICATION, DISTRIBUTION, ETC. | |
| Place of publication, distribution, etc. | Lahore |
| Name of publisher, distributor, etc. | Hassan Haider Law Books Publishers |
| Date of publication, distribution, etc. | 2019 |
| 300 ## - PHYSICAL DESCRIPTION | |
| Extent | 1030p |
| 942 ## - ADDED ENTRY ELEMENTS (KOHA) | |
| Source of classification or shelving scheme | |
| Koha item type | Book |
| Withdrawn status | Lost status | Source of classification or shelving scheme | Materials specified (bound volume or other part) | Damaged status | Not for loan | Permanent Location | Current Location | Shelving location | Date acquired | Total Checkouts | Full call number | Barcode | Date last seen | Date last checked out | Price effective from | Koha item type | Public note |
|---|---|---|---|---|---|---|---|---|---|---|---|---|---|---|---|---|---|
| CSS Corner Book | NUST Law School (NLS) | NUST Law School (NLS) | Central Superior Services | 11/13/2020 | 4 | 347.4106 SHA | CL-438 | 01/22/2026 | 01/21/2026 | 11/13/2020 | CSS Corner | CSS Corner Book |
